000 00456nam a2200157Ia 4500
003 GCL
008 140319s9999 xx 000 0 eng d
040 _aGCL /
_cGCL
082 0 4 _a320.5
_bN P
100 1 _aNIKOLSKY,NIKOLAI
245 1 0 _aTHE PHILOSOPHY OF NEW THINKING AND THE SOVIET INITIATIVES /
_cNIKOLSKY,NIKOLAI
260 _a[S.N] :
_bALLIED PUBLISHERS PRIVATE LIMITED ،
_c1988
300 _a157 PP
650 0 4 _aWORLD POLITICS
942 _2ddc
_cBK
999 _c16668
_d16668